000 00779nam a2200229 a 4500
003 MX-MxUPN
005 20220617125943.0
008 991125s1966 mx a r 000 0 spa d
035 _aUPN01000000256
040 _aMX-MxUPN
_bspa
_cMX-MxUPN
041 0 _aspa
050 4 _aLB1641 M62
_bG62
100 1 _aGonzález Blackaller, Ciro E.
_928542
100 1 _aGuevara Ramírez, Luis
_928757
245 1 0 _aAcademias de historia de México :
_bsegundo grado
260 _aMéxico :
_bHerrero,
_c1966.
300 _a183 páginas :
_bilustraciones.
500 _a"Un curso para el segundo grado del ciclo básico de la segunda enseñanza"
651 4 _aMéxico
_xHistoria
_xEstudio y enseñanza (Secundaria)
_99913
651 4 _aMéxico
_xHistoria
_vLibros de texto
_944476
905 _aLibro
999 _c256
_d256